000 00467nmm a2200169Ia 4500
008 251105s9999||||xx |||||||||||||||||und||
020 _a8470302922
041 _aspa
100 _aFalcón Esteban, Amador
245 0 _aRemembranzas lejanas
264 _a[Madrid, España] :
_bBiblioteca Nueva,
_c1983
300 _a60 páginas
490 _a--Sin Colección
650 _aSpanish poetry
856 _uhttps://public.digitaliapublishing.com/a/2569
942 _cCF
999 _c73056
_d73056